Návrh opatrení na zefektívnenie procesu vzdelávania zamestnancov v podniku INA SKALICA spol. s r.o.

Guardado en:
Detalles Bibliográficos
Autor principal: Patková, Simona, 1992- (Autor)
Otros Autores: Samák, Marián, 1985- (Orientador)
Formato: Manuscrito Libro
Lenguaje:eslovaco
Publicado: Trnava : STU v Bratislave MTF UPMK, 2014
Materias:
Acceso en línea:VAIS
Etiquetas: Agregar Etiqueta
Sin Etiquetas, Sea el primero en etiquetar este registro!

MARC

LEADER 00000ntm a22000003a 4500
001 stu293259
005 20150617230317.0
008 140708s2014----xo------------------slo-d
040 |a STU  |b slo 
041 0 |a slo 
044 |a xo 
100 1 |a Patková, Simona,  |d 1992-  |4 aut  |u M  |T MTF Materiálovotechnologická fakulta  |X 74151  |U M  |Y 60  |7 A000074151 
242 0 0 |a Proposal of measures to streamline the process of staff training in company INA SKALICA spol. s r.o.  |y eng 
245 1 |a Návrh opatrení na zefektívnenie procesu vzdelávania zamestnancov v podniku INA SKALICA spol. s r.o.  
260 |a Trnava :  |b STU v Bratislave MTF UPMK,  |c 2014 
300 |a 68s  |c CD 
650 7 |a personálna práca v priemyselnom podniku  |2 stusub 
650 7 |a Personnel Policy in Industrial Plant  |2 estusub 
650 7 |a methods of education  |2 estusub 
650 7 |a human resources  |2 estusub 
650 7 |a education  |2 estusub 
650 7 |a ľudské zdroje  |2 stusub 
650 7 |a rozvoj  |2 stusub 
650 7 |a metódy vzdelávania  |2 stusub 
650 7 |a zamestnanci  |2 stusub 
650 7 |a vzdelávanie  |2 stusub 
700 1 |a Samák, Marián,  |d 1985-  |4 ths  |X 32777  |7 A000032777 
856 4 |a info a plný text  |u http://is.stuba.sk/zp/portal_zp.pl?podrobnosti=92136  |3 VAIS 
996 |c M*BP-6915  |l MMSKP  |s P  |a 0  |w stu293259_0001